Представление документа в формате RUSMARC

ПолеНазваниеЗначение
  Тип записи i
  Библиографический уровень m
001 Контрольный номер IZD\1С\2007\4601546051905
005 Дата корректировки 20260312163301.7
010 Индекс ISBN __
a ISBN 978-5-9677-2114-4
d Цена 218-25
100 Данные общей обработки __
a Данные общей обработки 19150915d2014||||||| 0rusy0189 ca
101 Язык документа 0_
a Язык текста rus
102 Страна публикации __
a Страна публикации RU|
105 Кодированные данные (монография) __
a Кодированные данные (монография) nn|||||||f|zy
127 Кодированные данные (звукозаписи-физические характеристики) __
a Продолжительность проигрывания 01 ч 28 мин
200 Заглавие и сведения об ответственности 1_
a Заглавие Тайна отца Брауна
e Сведения, относящиеся к заглавию [аудиоспектакль по мотивам произведений Г. К. Честертона : 16+]
f Первые сведения об ответственности Г. К. Честертон ; [исполняют: П. Любимцев и др. ; автор инсценировки О. Погодина-Кузмина ; режиссер Д. Креминский ; композитор М. Макарова ; звукорежиссер И. Урываев ; директор проекта Е. Лихачева]
b Общее обозначение материала Звукозапись
210 Выходные данные 1_
a Место издания Москва
c Издательство 1С-Паблишинг
d Дата издания 2014
215 Физическое описание __
a Объем 1 электрон. опт. диск (Audio CD)
c Иллюстрации/тип воспроизводства mp3, stereo
d Формат 12х14 см
225 Серия 2_
a Серия 1С: Аудиотеатр
230 Специфическая характеристика материала: электронные ресурсы __
a Обозначение и объем ресурса Электронные звуковые данные
300 Общие примечания __
a Общие примечания Заглавие с этикетки диска
323 Примечание о главных создателях, исполнителях, участниках __
a Примечание о главных создателях, исполнителях, участниках Любимцев, П. (Отец Браун)
323 Примечание о главных создателях, исполнителях, участниках __
a Примечание о главных создателях, исполнителях, участниках Креминский, Д. (Фламбо, он же Дюрок )
323 Примечание о главных создателях, исполнителях, участниках __
a Примечание о главных создателях, исполнителях, участниках Жарков, А. (Грэндисон Чейз)
323 Примечание о главных создателях, исполнителях, участниках __
a Примечание о главных создателях, исполнителях, участниках Рябков, Н. (Полковник Адаме)
323 Примечание о главных создателях, исполнителях, участниках __
a Примечание о главных создателях, исполнителях, участниках Решульская, В. (Мисс Адаме)
323 Примечание о главных создателях, исполнителях, участниках __
a Примечание о главных создателях, исполнителях, участниках Симонов, В. (Сэр Леопольд Фишер)
323 Примечание о главных создателях, исполнителях, участниках __
a Примечание о главных создателях, исполнителях, участниках Орав, А. (Джон Крук)
323 Примечание о главных создателях, исполнителях, участниках __
a Примечание о главных создателях, исполнителях, участниках Дорошева, Ю. (Лора)
323 Примечание о главных создателях, исполнителях, участниках __
a Примечание о главных создателях, исполнителях, участниках Шендрик, А. (Энгус)
323 Примечание о главных создателях, исполнителях, участниках __
a Примечание о главных создателях, исполнителях, участниках Степанов, Ф. (Смайз)
323 Примечание о главных создателях, исполнителях, участниках __
a Примечание о главных создателях, исполнителях, участниках Урываев, И. (Швейцар)
323 Примечание о главных создателях, исполнителях, участниках __
a Примечание о главных создателях, исполнителях, участниках Сафиулин, Р. (Инспектор Крейвен)
330 Аннотация __
a Аннотация Гилберт Кийт Честертон - английский христианский мыслитель, журналист и писатель, классик детективного жанра. Основную идею своей жизни определял, как пробуждение способности изумляться, видеть мир, словно в первый раз. Священник Браун - самый известный персонаж, придуманный писателем. Тихий, застенчивый патер Браун - особенный человек, можно сказать, сыщик от Бога. Он расследует самые запутанные, самые страшные и жестокие преступления, не забывая при этом о своём главном предназначении - спасать заблудшие души.
333 Примечание о целевом назначении __
a Примечание о целевом назначении 16+. Для детей старше 16 лет
337 Примечание о системных требованиях (электронные ресурсы) __
a Примечание о системных требованиях (электронные ресурсы) Системные требования: MS Windows ; Pentium 100 ; RAM 16 Мб ; SVGA, 800x600 ; CD-ROM ; зв. карта ; колонки или наушники ; мышь или аудиосистемы с поддержкой формата MP3: музыкальный центр ; CD/DVD-плеер и т.д.
606 Тематические рубрики __
a Основная рубрика Музыка и зрелищные искусства
606 Тематические рубрики __
a Основная рубрика Художественное радиовещание
606 Тематические рубрики __
a Основная рубрика Художественная литература
606 Тематические рубрики __
a Основная рубрика Литература Европы (произведения)
y Географическая подрубрика Англия
y Географическая подрубрика Великобритания
610 Ключевые слова 0_
a Ключевые слова английская литература
a Ключевые слова аудиоспектакли
a Ключевые слова детективная литература
a Ключевые слова детективы
a Ключевые слова зарубежная литература
a Ключевые слова иностранная литература
a Ключевые слова литературные герои
a Ключевые слова литературные персонажи
a Ключевые слова отец Браун
a Ключевые слова тема преступлений
a Ключевые слова тема расследований
a Ключевые слова тема сыщиков
686 Индексы других классификаций __
2 Код системы rubbks
a Классификационный индекс 85.381.3(2)-7я04
686 Индексы других классификаций __
2 Код системы rubbks
a Классификационный индекс 84(4Вел)53-445я04
700 Автор _1
a Фамилия Честертон
b Имя Г. К.
f Даты 1874-1936
g Полное личное имя Гилберт Кит
4 Код отношения 070
701 Альтернативная интеллектуальная ответственность _1
a Фамилия Погодина-Кузмина
b Имя О.
4 Код отношения 690
702 Вторичная интеллектуальная ответственность _1
a Фамилия Урываев
b Имя И.
4 Код отношения Звукорежиссер
4 Код отношения 570
702 Вторичная интеллектуальная ответственность _1
a Фамилия Креминский
b Имя Д.
4 Код отношения Режиссер
4 Код отношения 070
702 Вторичная интеллектуальная ответственность _1
a Фамилия Макарова
b Имя М.
4 Код отношения Композитор
4 Код отношения 230
702 Вторичная интеллектуальная ответственность _1
a Фамилия Лихачева
b Имя Е.
4 Код отношения Автор идеи
4 Код отношения 245
801 Источник записи _0
a Страна RU
b Организация Муниципальное бюджетное учреждение культуры "Централизованная библиотечная система" г. Сургут (Центральная городская библиотека им. А. С. Пушкина)
c Дата составления 20150915
g Правила каталогизации КиК/Апакова
801 Источник записи _1
a Страна RU
b Организация Муниципальное бюджетное учреждение культуры "Централизованная библиотечная система" г. Сургут (Центральная городская библиотека им. А. С. Пушкина)
c Дата составления 20150915
g Правила каталогизации КиК/Апакова
852 Данные о местонахождении __
j Шифр хранения 85.381.3(2)-7я04
i Авторский знак Ч-51
901 Тип документа __
t Тип документа 0
903 Характеристики (МАРС) __
a Дата передачи 20150915
969 Тип издания __
a Тип издания аудиоспектакль; издание для слепых
990 Данные о заказе (DOS) __
j Количество экземпляров (DOS) 4
t N записи в КСУ для И/У (DOS) 201509